Maps on tap (Record no. 71209)

MARC details
000 -LEADER
fixed length control field 01092cam a2200217 4500
001 - CONTROL NUMBER
control field WB3835-08
008 - FIXED-LENGTH DATA ELEMENTS--GENERAL INFORMATION
fixed length control field 020924n2002 000 0 eng u
035 ## - SYSTEM CONTROL NUMBER
System control number (Sirsi) u119826
245 ## - TITLE STATEMENT
Title Maps on tap
260 ## - PUBLICATION, DISTRIBUTION, ETC.
Date of publication, distribution, etc. 2002
490 ## - SERIES STATEMENT
Series statement RICS Geomatics Faculty News
Volume/sequential designation 23 September 2002, (1)
520 ## - SUMMARY, ETC.
Summary, etc. Government project 'Maps on Tap' hopes to puts maps on the internet for general use that use data from a number of sources for general use. It aims to provide services to users that need public sector information and will allow data owners to connect their databases using the established government standard under the National Geospatial Data Framework. For the RICS News Story: http: //www.rics.org/ricscms/bin/show?class=News&template=/includes/shownews.html&id=3719 For Maps on Tap information, http://www.odpm.gov.uk/publications/mot/index.htm
590 ## - LOCAL NOTE (RLIN)
Local note WB
650 ## - SUBJECT ADDED ENTRY--TOPICAL TERM
Topical term or geographic name entry element MAPS ON TAP
650 ## - SUBJECT ADDED ENTRY--TOPICAL TERM
Topical term or geographic name entry element DETR
650 ## - SUBJECT ADDED ENTRY--TOPICAL TERM
Topical term or geographic name entry element PUBLIC SECTOR INFORMATION
650 ## - SUBJECT ADDED ENTRY--TOPICAL TERM
Topical term or geographic name entry element GEOGRAPHICAL INFORMATION SYSTEM
650 ## - SUBJECT ADDED ENTRY--TOPICAL TERM
Topical term or geographic name entry element STRATEGIC INFORMATION
690 ## - LOCAL SUBJECT ADDED ENTRY--TOPICAL TERM (OCLC, RLIN)
Topical term or geographic name as entry element Geomatics
9 (RLIN) 6242
942 ## - ADDED ENTRY ELEMENTS (KOHA)
Suppress in OPAC 0
Holdings
Withdrawn status Lost status Source of classification or shelving scheme Damaged status Not for loan Home library Current library Shelving location Date acquired Total Checkouts Full call number Barcode Date last seen Copy number Price effective from Koha item type
    Dewey Decimal Classification     London London News article 24/09/2002   WB3835-08 119826-1001 06/08/2019 1 06/08/2019 News article